000 01172 a2200241 4500
020 _a3540219889 (pt. I)
020 _a3540219935 (pt. II)
040 _aDLC
082 _a004.36
245 1 0 _aGrid and cooperative computing : econd International Workshop, GCC 2003, Shanhai [sic], China, December 7-10, 2003 : revised papers
_bsecond International Workshop, GCC 2003, Shanhai [sic], China, December 7-10, 2003 : revised papers
_cMinglu Li
246 3 0 _aGCC 2003.
260 _aBerlin ;
_aHong Kong :
_bSpringer-Verlag,
_cc2004.
300 _a2 v. :
_bill. ;
_c24 cm.
490 1 _aLecture notes in computer science ;
_v3032-3033.
650 0 _aComputational grids (Computer systems)
700 1 _aLi, Minglu.
710 2 _aLINK (Online service)
830 0 _aLecture notes in computer science ;
830 0 _aLecture notes in computer science ;
856 4 1 _uhttp://libproxy1.nus.edu.sg/login?url=http://springerlink.com/openurl.asp?genre=issue&issn=0302-9743&volume=3032&issue=preprint
856 4 1 _uhttp://libproxy1.nus.edu.sg/login?url=http://springerlink.com/openurl.asp?genre=issue&issn=0302-9743&volume=3033&issue=preprint
942 _cBK
_k004.36 LIM
_2ddc
999 _c5366
_d5366